[Event "chess.com Speed 5m+1spm 2018"]
[Site "chess.com INT"]
[Date "2018.09.06"]
[Round "1.9"]
[White "Karjakin, Sergey"]
[Black "Duda, Jan-Krzysztof"]
[Result "1-0"]
[WhiteTitle "GM"]
[BlackTitle "GM"]
[WhiteElo "2773"]
[BlackElo "2737"]
[WhiteFideId "14109603"]
[BlackFideId "1170546"]
[EventDate "2018.07.24"]

1. e4 c5 2. Nf3 Nf6 3. e5 Nd5 4. Nc3 Nxc3 5. dxc3 e6 6. Bd3 Nc6 7. Qe2 h6 8. h4
a6 9. Bf4 b5 10. h5 Bb7 11. Be4 Qc7 12. O-O-O c4 13. Kb1 Ne7 14. Nd2 Nd5 15.
Bxd5 Bxd5 16. Ne4 Qc6 17. f3 a5 18. Nd6+ Bxd6 19. exd6 b4 20. Rhe1 f6 21. Qd2
Kf7 22. Ka1 Rab8 23. Rb1 Rb5 24. Red1 Kg8 25. Qe1 e5 26. Bd2 Kh7 27. cxb4 c3 28.
Bxc3 axb4 29. Rxd5 Qxd5 30. Bxb4 Rhb8 31. c3 Kh8 32. a3 f5 33. Qe2 Qe6 34. Re1
e4 35. c4 Rxb4 36. axb4 Rxb4 37. Rc1 e3 38. g3 f4 39. gxf4 Qf5 40. Ka2 Qxf4 41.
Rc3 Ra4+ 42. Kb3 Ra8 43. Rxe3 Rb8+ 44. Kc3 Qf6+ 45. Re5 Re8 46. f4 Rf8 47. c5
Qxf4 48. Re8 Qf6+ 49. Kb4 g5 50. hxg6 Rxe8 51. Qxe8+ Kg7 52. Qe7+ Kxg6 53. Qxf6+
Kxf6 54. c6 dxc6 55. Kc5 h5 56. Kxc6 h4 57. d7 1-0

[Event "chess.com Speed 3m+1spm 2018"]
[Site "chess.com INT"]
[Date "2018.09.06"]
[Round "1.10"]
[White "Duda, Jan-Krzysztof"]
[Black "Karjakin, Sergey"]
[Result "1-0"]
[WhiteTitle "GM"]
[BlackTitle "GM"]
[WhiteElo "2737"]
[BlackElo "2773"]
[WhiteFideId "1170546"]
[BlackFideId "14109603"]
[EventDate "2018.07.24"]

1. e4 e5 2. Nf3 Nc6 3. Bb5 Nf6 4. O-O Nxe4 5. d4 Nd6 6. Bxc6 dxc6 7. dxe5 Nf5 8.
Qxd8+ Kxd8 9. h3 h6 10. Nc3 Bd7 11. b3 Kc8 12. Bb2 b6 13. Rad1 Ne7 14. Ne4 c5
15. Rfe1 Be6 16. c4 Nc6 17. Ng3 a6 18. Nh5 g5 19. g4 b5 20. Nd2 Kb7 21. f4 gxf4
22. Nxf4 Be7 23. Ne4 Rad8 24. Bc3 Rdg8 25. Nxe6 fxe6 26. Nf6 Rg6 27. Kg2 h5 28.
Kg3 hxg4 29. hxg4 Rgh6 30. Nh5 Bg5 31. Bd2 Bxd2 32. Rxd2 Nd4 33. Re4 Kc6 34. Rf2
R6h7 35. Rf6 Kb6 36. Re1 Ka5 37. Nf4 Kb4 38. g5 Ka3 39. g6 Re7 40. Kg4 Kxa2 41.
Re3 b4 42. Kg5 a5 43. Rf7 Rxf7 44. gxf7 a4 45. bxa4 b3 46. Kf6 b2 47. Re1 b1=Q
48. Rxb1 Kxb1 49. Ng6 Ra8 50. a5 Kc2 51. a6 Nc6 52. f8=Q Rxf8+ 53. Nxf8 Kc3 54.
Nxe6 Kxc4 55. Nd8 Nb8 56. a7 Nd7+ 57. Kf7 Nb6 58. e6 1-0

[Event "chess.com Speed 3m+1spm 2018"]
[Site "chess.com INT"]
[Date "2018.09.06"]
[Round "1.11"]
[White "Karjakin, Sergey"]
[Black "Duda, Jan-Krzysztof"]
[Result "1-0"]
[WhiteTitle "GM"]
[BlackTitle "GM"]
[WhiteElo "2773"]
[BlackElo "2737"]
[WhiteFideId "14109603"]
[BlackFideId "1170546"]
[EventDate "2018.07.24"]

1. e4 c5 2. Nf3 Nf6 3. e5 Nd5 4. Nc3 Nxc3 5. dxc3 e6 6. Bd3 Nc6 7. Qe2 h6 8. h4
a6 9. h5 Qc7 10. Be4 b6 11. Bf4 Bb7 12. Rh4 O-O-O 13. O-O-O d5 14. exd6 Bxd6 15.
Bxd6 Rxd6 16. Rxd6 Qxd6 17. g3 Rd8 18. b3 f6 19. Kb2 Rd7 20. Rh1 Kb8 21. Re1 Ka7
22. Nh4 Nd8 23. Bxb7 Kxb7 24. f4 Ka7 25. a4 a5 26. Nf3 Qd5 27. g4 Rd6 28. Qe3
Qb7 29. Nd2 Rd5 30. Nc4 Qd7 31. Qe4 Qf7 32. Qh7 Nc6 33. Qe4 Nd8 34. Qe2 Qd7 35.
Qe3 Rd1 36. Rxd1 Qxd1 37. Qe4 Qd7 38. Qg6 Qf7 39. Qh7 Qe7 40. Nd2 e5 41. fxe5
fxe5 42. Qg6 Ne6 43. Nc4 Qf6 44. Qe8 Nc7 45. Qd7 Kb8 46. Nd6 1-0

[Event "chess.com Speed 3m+1spm 2018"]
[Site "chess.com INT"]
[Date "2018.09.06"]
[Round "1.12"]
[White "Duda, Jan-Krzysztof"]
[Black "Karjakin, Sergey"]
[Result "1-0"]
[WhiteTitle "GM"]
[BlackTitle "GM"]
[WhiteElo "2737"]
[BlackElo "2773"]
[WhiteFideId "1170546"]
[BlackFideId "14109603"]
[EventDate "2018.07.24"]

1. d4 Nf6 2. c4 e6 3. Nf3 d5 4. Nc3 c6 5. e3 Nbd7 6. Qc2 Bd6 7. Be2 O-O 8. O-O
b6 9. e4 dxe4 10. Nxe4 Nxe4 11. Qxe4 Qc7 12. Bd3 g6 13. Qh4 Bb7 14. Bd2 c5 15.
Ng5 Nf6 16. dxc5 bxc5 17. Rae1 h5 18. Bc3 Ng4 19. Qxh5 1-0

[Event "chess.com Speed 3m+1spm 2018"]
[Site "chess.com INT"]
[Date "2018.09.06"]
[Round "1.13"]
[White "Karjakin, Sergey"]
[Black "Duda, Jan-Krzysztof"]
[Result "1-0"]
[WhiteTitle "GM"]
[BlackTitle "GM"]
[WhiteElo "2773"]
[BlackElo "2737"]
[WhiteFideId "14109603"]
[BlackFideId "1170546"]
[EventDate "2018.07.24"]

1. e4 e6 2. d4 d5 3. Nc3 Bb4 4. e5 c5 5. a3 Bxc3+ 6. bxc3 Qc7 7. a4 Ne7 8. Nf3
b6 9. h4 Ba6 10. Bb5+ Bxb5 11. axb5 a5 12. bxa6 Rxa6 13. Rxa6 Nxa6 14. O-O Qc6
15. h5 h6 16. Bf4 Nc7 17. Qd2 Kd7 18. Rb1 c4 19. g4 b5 20. Kg2 Qa6 21. Qc1 Ra8
22. g5 hxg5 23. Nxg5 Ke8 24. Nf3 Nf5 25. Bg5 Qa3 26. Qd2 Qa2 27. Rc1 Ra3 28. Nh4
Qb2 29. Nxf5 exf5 30. Qf4 Ne6 31. Qxf5 Qxc3 32. Be3 b4 33. h6 gxh6 34. Rh1 Ra7
35. Rxh6 Re7 36. Qf3 Nc7 37. Qg4 Ne6 38. Qg8+ Kd7 39. Rh8 Kc6 40. Qa8+ Rb7 41.
Rb8 Nd8 42. Rxd8 Qxc2 43. Rd6+ 1-0

[Event "chess.com Speed 3m+1spm 2018"]
[Site "chess.com INT"]
[Date "2018.09.06"]
[Round "1.14"]
[White "Duda, Jan-Krzysztof"]
[Black "Karjakin, Sergey"]
[Result "1-0"]
[WhiteTitle "GM"]
[BlackTitle "GM"]
[WhiteElo "2737"]
[BlackElo "2773"]
[WhiteFideId "1170546"]
[BlackFideId "14109603"]
[EventDate "2018.07.24"]

1. Nf3 Nf6 2. c4 e6 3. g3 d5 4. Bg2 dxc4 5. Qa4+ c6 6. Qxc4 b5 7. Qc2 Bb7 8. O-O
Be7 9. d3 O-O 10. a4 a6 11. Nc3 Nbd7 12. Rd1 Rc8 13. h3 Qb6 14. e4 c5 15. Be3
Rfd8 16. Rac1 h6 17. axb5 axb5 18. b4 Qa6 19. Ra1 Qc6 20. Qb1 cxb4 21. Na2 b3
22. Nc1 Nc5 23. Nxb3 Nxb3 24. Qxb3 b4 25. Rdc1 Qb5 26. Nd4 Qd7 27. Bf1 Rxc1 28.
Rxc1 Ra8 29. Rb1 Ra3 30. Qd1 Rc3 31. Nc2 Bxe4 32. Nxb4 Bb7 33. Bg2 Bxg2 34. Kxg2
Bxb4 35. Rxb4 Rxd3 36. Rb8+ Kh7 37. Qc2 Qd5+ 38. Kg1 Qf5 39. Rc8 Nd5 40. Ba7 Qe4
41. Kh2 f5 42. Rc4 Qf3 43. Rd4 Rc3 44. Qd2 Ra3 45. Qe1 Rxa7 46. Rd2 Ra6 47. Qe5
Ra1 48. Qxa1 f4 49. Qg1 fxg3+ 50. Qxg3 Qe4 51. Rd1 Nf4 52. Rg1 g5 53. Qe3 Qf5
54. Rc1 Kg6 55. Rc7 Kh5 56. Rc5 Qf6 57. Qc3 Kg6 58. Qxf6+ Kxf6 59. Kg3 h5 60. h4
Ne2+ 61. Kf3 Nd4+ 62. Ke4 Nf5 63. hxg5+ Kxg5 64. Ke5 Kg4 65. Kxe6 Nd4+ 66. Kd5
Nf3 67. Rc4+ Kh3 68. Rf4 Kg2 69. Ke4 Ng5+ 70. Ke3 Nh3 71. Rf8 h4 72. Rg8+ Kf1
73. Rg4 1-0

[Event "chess.com Speed 3m+1spm 2018"]
[Site "chess.com INT"]
[Date "2018.09.06"]
[Round "1.15"]
[White "Karjakin, Sergey"]
[Black "Duda, Jan-Krzysztof"]
[Result "1/2-1/2"]
[WhiteTitle "GM"]
[BlackTitle "GM"]
[WhiteElo "2773"]
[BlackElo "2737"]
[WhiteFideId "14109603"]
[BlackFideId "1170546"]
[EventDate "2018.07.24"]

1. e4 e6 2. d4 d5 3. Nd2 c5 4. exd5 Qxd5 5. Ngf3 cxd4 6. Bc4 Qd6 7. O-O Nf6 8.
Nb3 Nc6 9. Nbxd4 Nxd4 10. Nxd4 a6 11. Re1 Qc7 12. Bf1 Be7 13. Qf3 O-O 14. Bf4
Bd6 15. Bxd6 Qxd6 16. Rad1 Qc7 17. c4 Rb8 18. Qg3 Qxg3 19. hxg3 Bd7 20. f3 Rfc8
21. Rd2 h5 22. b3 Kf8 23. Kf2 Be8 24. a4 a5 25. Bd3 g6 26. Bc2 Nd7 27. Nb5 Nc5
28. Nd6 Rd8 29. Red1 Ke7 30. Ke3 Bc6 31. Nb5 Rxd2 32. Rxd2 Bxb5 33. cxb5 b6 34.
Rd4 g5 35. b4 axb4 36. Rxb4 f5 37. Kd4 Kd6 38. Kc3 Ra8 39. Rd4+ Kc7 40. Kb4 g4
41. Rd1 Kb7 42. Rh1 Rg8 43. Rxh5 gxf3 44. gxf3 Rxg3 45. a5 Rxf3 46. Rh7+ Kb8 47.
axb6 Rf2 48. Bd1 Nd3+ 49. Kc3 Nf4 50. Bb3 Nd5+ 51. Bxd5 exd5 52. Kd4 Rd2+ 53.
Kc5 Rc2+ 54. Kxd5 f4 55. Rf7 Rf2 56. Kc5 Rc2+ 57. Kb4 Rf2 58. b7 Rh2 59. Ka5 Rh6
60. b6 Rh1 61. Rxf4 1/2-1/2

[Event "chess.com Speed 3m+1spm 2018"]
[Site "chess.com INT"]
[Date "2018.09.06"]
[Round "1.16"]
[White "Duda, Jan-Krzysztof"]
[Black "Karjakin, Sergey"]
[Result "1/2-1/2"]
[WhiteTitle "GM"]
[BlackTitle "GM"]
[WhiteElo "2737"]
[BlackElo "2773"]
[WhiteFideId "1170546"]
[BlackFideId "14109603"]
[EventDate "2018.07.24"]

1. d4 Nf6 2. c4 e6 3. Nf3 d5 4. Nc3 Be7 5. Bg5 O-O 6. e3 Nbd7 7. cxd5 Nxd5 8.
Bxe7 Qxe7 9. Qb3 Nxc3 10. bxc3 c5 11. Be2 b6 12. O-O Bb7 13. a4 Rfd8 14. a5 h6
15. axb6 axb6 16. h3 Qd6 17. Qb2 Qc7 18. Rfb1 Be4 19. Rc1 Qb7 20. Ne1 e5 21. Bf3
exd4 22. Rxa8 Qxa8 23. cxd4 cxd4 24. Qxd4 Nc5 25. Bxe4 Nxe4 26. Qxb6 Rd2 27. f3
Ng3 28. Rb1 Qa2 29. Qb3 h5 30. Qxa2 Rxa2 31. h4 Nf5 32. e4 Nxh4 33. Rc1 Ng6 34.
Rc2 Ra1 35. Kf2 h4 36. Nd3 f6 37. Ke3 Ra3 38. Ke2 Kh7 39. Rd2 Kh6 40. Rb2 Nf8
41. Nf2 Ne6 42. Nh3 g5 43. Rb6 Nd4+ 44. Kf2 Kg7 45. e5 Ra2+ 46. Kf1 fxe5 47.
Nxg5 Ra1+ 48. Kf2 Ra2+ 49. Kf1 Ra1+ 50. Kf2 Ra2+ 51. Kf1 1/2-1/2

[Event "chess.com Speed 3m+1spm 2018"]
[Site "chess.com INT"]
[Date "2018.09.06"]
[Round "1.17"]
[White "Karjakin, Sergey"]
[Black "Duda, Jan-Krzysztof"]
[Result "0-1"]
[WhiteTitle "GM"]
[BlackTitle "GM"]
[WhiteElo "2773"]
[BlackElo "2737"]
[WhiteFideId "14109603"]
[BlackFideId "1170546"]
[EventDate "2018.07.24"]

1. g3 d5 2. Nf3 Nc6 3. d4 Bf5 4. Bg2 e6 5. O-O Nb4 6. Na3 c6 7. c3 Na6 8. Nc2 h6
9. Nd2 Nf6 10. Re1 Be7 11. e4 dxe4 12. Nxe4 Nxe4 13. Bxe4 Bxe4 14. Rxe4 Qd5 15.
Re5 Qd7 16. Qg4 Bf6 17. Re2 Nc7 18. Bf4 Nd5 19. Be5 O-O-O 20. c4 Ne7 21. Bxf6
gxf6 22. Qh5 Nf5 23. Rd1 Nd6 24. b3 f5 25. d5 exd5 26. cxd5 c5 27. Ne3 Kb8 28.
Ng2 Ne4 29. Rc2 Rdg8 30. Nf4 Rg4 31. f3 Rg5 32. Qh3 Nd6 33. Rxc5 Qe7 34. Qf1
Qe3+ 35. Qf2 Qxf4 36. Kf1 Qb4 37. Qd4 Qxd4 38. Rxd4 a6 39. Kf2 h5 40. Ke3 Rg6
41. Kf4 h4 42. Rc2 hxg3 43. hxg3 Re8 44. Rd3 Re7 45. Rd1 Rc7 46. Re2 Rc8 47. Rh1
Kc7 48. Re7+ Kd8 49. Re2 Kd7 50. Rhe1 Rcg8 51. Rg1 Rh6 52. Rd2 Rc8 53. Rf1 a5
54. Re1 a4 55. Ree2 axb3 56. axb3 Rc5 57. Rd3 Rb5 58. Kg5 Rg6+ 59. Kh4 Rb4+ 60.
f4 Rg8 61. Rc2 Ne4 62. Kh3 Rc8 63. Rxc8 Kxc8 64. Kh4 Kd7 65. Kh5 Kd6 66. Kh6 Nc5
67. Rd1 Rxb3 68. Kg7 Rxg3+ 69. Kxf7 Rf3 70. Rd4 Ne4 71. Rb4 Rxf4 72. Rxb7 Kxd5
73. Kg6 Rf1 74. Rb5+ Ke6 75. Rb6+ Nd6 76. Kg5 Rg1+ 77. Kf4 Rg4+ 78. Kf3 Re4 79.
Rb8 Kf6 80. Rf8+ Nf7 81. Ra8 Ne5+ 82. Kf2 f4 83. Rf8+ Ke6 84. Re8+ Kd5 85. Rd8+
Kc4 86. Rc8+ Kd3 87. Rd8+ Kc3 88. Ra8 Nd3+ 89. Kf3 Re3+ 90. Kg4 Rg3+ 91. Kf5 f3
92. Ke4 f2 93. Ra1 Kd2 0-1

[Event "chess.com Speed 1m+1spm 2018"]
[Site "chess.com INT"]
[Date "2018.09.06"]
[Round "1.18"]
[White "Duda, Jan-Krzysztof"]
[Black "Karjakin, Sergey"]
[Result "1-0"]
[WhiteTitle "GM"]
[BlackTitle "GM"]
[WhiteElo "2737"]
[BlackElo "2773"]
[WhiteFideId "1170546"]
[BlackFideId "14109603"]
[EventDate "2018.07.24"]

1. e4 e5 2. Nf3 Nc6 3. Bb5 Nf6 4. O-O Nxe4 5. d4 Nd6 6. Bxc6 dxc6 7. dxe5 Nf5 8.
Qxd8+ Kxd8 9. h3 Ke8 10. Nc3 h5 11. Bf4 Be7 12. Rfe1 Be6 13. Ne4 h4 14. c3 Rd8
15. Nfg5 Rh6 16. g4 hxg3 17. fxg3 c5 18. Nxe6 Rxe6 19. h4 c4 20. Kg2 Rd3 21. Nf2
Rd5 22. Re2 g6 23. Ne4 b5 24. Rae1 Kd7 25. Kh3 a5 26. a3 Rd3 27. Nf2 Rd5 28. Ng4
Rd3 29. Ne3 Ng7 30. g4 Rb6 31. Bg3 Rb8 32. Rf1 Ke8 33. Kg2 Rbd8 34. Rh1 Rd2 35.
Kf3 Ne6 36. Rxd2 Rxd2 37. Rh2 Rd3 38. Ke2 Bc5 39. Nf1 b4 40. axb4 axb4 41. h5
gxh5 42. gxh5 Kf8 43. h6 Kg8 44. h7+ Kh8 45. cxb4 Nd4+ 46. Kf2 Bb6 47. Kg2 Nf5
48. Rh5 Ne3+ 49. Nxe3 Bxe3 50. Bh4 1-0

[Event "chess.com Speed 1m+1spm 2018"]
[Site "chess.com INT"]
[Date "2018.09.06"]
[Round "1.19"]
[White "Karjakin, Sergey"]
[Black "Duda, Jan-Krzysztof"]
[Result "0-1"]
[WhiteTitle "GM"]
[BlackTitle "GM"]
[WhiteElo "2773"]
[BlackElo "2737"]
[WhiteFideId "14109603"]
[BlackFideId "1170546"]
[EventDate "2018.07.24"]

1. e4 e6 2. d4 d5 3. Nc3 Nf6 4. e5 Nfd7 5. f4 c5 6. Nf3 Nc6 7. Be3 Qb6 8. Na4
Qa5+ 9. c3 b6 10. Bd2 c4 11. b4 Qa6 12. Be2 Be7 13. O-O f5 14. Qc2 O-O 15. Kh1
Qb7 16. Rg1 Rf7 17. g4 b5 18. gxf5 Rxf5 19. Nc5 Nxc5 20. bxc5 Bd7 21. Rg3 Kh8
22. Rag1 Rg8 23. Bd1 a5 24. Qb1 b4 25. Bc2 Rh5 26. Qf1 b3 27. Bb1 Be8 28. Rh3
Qc8 29. Rxh5 Bxh5 30. Qh3 g6 31. a3 Bd8 32. Ng5 Bxg5 33. Rxg5 Ne7 34. Be1 Nf5
35. Bh4 Nxh4 36. Qxh4 Qf8 37. Rg3 Rg7 38. Qf6 Qxf6 39. exf6 Rc7 40. Kg2 Kg8 41.
f5 exf5 42. Bxf5 Kf7 43. Bb1 Bd1 44. Re3 Bg4 45. Kg3 Bf5 46. Bxf5 gxf5 47. Re2
Kxf6 48. Kf4 Rb7 49. Rb2 Re7 50. Kf3 Ke6 51. Re2+ Kd7 52. Rb2 Kc6 53. Kf4 Re4+
54. Kxf5 Re3 55. a4 Rxc3 56. Re2 Rf3+ 57. Kg5 c3 0-1

[Event "chess.com Speed 1m+1spm 2018"]
[Site "chess.com INT"]
[Date "2018.09.06"]
[Round "1.20"]
[White "Duda, Jan-Krzysztof"]
[Black "Karjakin, Sergey"]
[Result "1/2-1/2"]
[WhiteTitle "GM"]
[BlackTitle "GM"]
[WhiteElo "2737"]
[BlackElo "2773"]
[WhiteFideId "1170546"]
[BlackFideId "14109603"]
[EventDate "2018.07.24"]

1. e4 e5 2. Nf3 Nc6 3. Bb5 a6 4. Bxc6 dxc6 5. O-O Qf6 6. d4 exd4 7. Bg5 Qd6 8.
Nxd4 Bd7 9. c3 Ne7 10. Nd2 O-O-O 11. Kh1 Qg6 12. Be3 f5 13. f3 c5 14. N4b3 b6
15. a4 a5 16. Qe2 Nc6 17. e5 Kb8 18. Bf2 Bc8 19. Rfe1 Be7 20. Nc1 Rhe8 21. Nd3
Ba6 22. c4 Bg5 23. f4 Be7 24. b3 Bb7 25. Nf3 Rd7 26. Rad1 Red8 27. h3 h6 28. Kh2
Ka7 29. Qf1 Qe6 30. Nc1 g5 31. Rxd7 Rxd7 32. Rd1 Rxd1 33. Qxd1 g4 34. Ne1 gxh3
35. gxh3 Nd4 36. Bxd4 cxd4 37. Qe2 Qc6 38. Qf1 Qe4 39. Ncd3 Qe3 40. Qf2 Be4 41.
Qxe3 dxe3 42. Nc1 Bh4 43. Ncd3 Kb7 44. c5 Kc6 45. cxb6 cxb6 46. Kg1 Kd5 47. Kf1
Kd4 48. Ke2 Bb7 49. Nc2+ Kc3 50. Nxe3 Be4 51. Nf2 Bb1 52. Nd5+ Kxb3 53. Nd1 Be4
54. N1c3 Bg2 55. e6 Bxh3 56. Kd2 Bg2 57. e7 Bxe7 58. Nxe7 Bh3 59. Ned5 h5 60.
Nxb6 h4 61. Nd7 Bg2 62. Nc5+ Kc4 63. Nd3 h3 64. Ne2 h2 65. Ng3 h1=Q 66. Ne5+ Kb4
67. Nxh1 Bxh1 68. Ng6 Kxa4 69. Kc3 Kb5 70. Ne7 Be4 71. Kb2 Kc4 72. Ka1 Kb3 73.
Nxf5 Bxf5 1/2-1/2

[Event "chess.com Speed 1m+1spm 2018"]
[Site "chess.com INT"]
[Date "2018.09.06"]
[Round "1.21"]
[White "Karjakin, Sergey"]
[Black "Duda, Jan-Krzysztof"]
[Result "1-0"]
[WhiteTitle "GM"]
[BlackTitle "GM"]
[WhiteElo "2773"]
[BlackElo "2737"]
[WhiteFideId "14109603"]
[BlackFideId "1170546"]
[EventDate "2018.07.24"]

1. e4 e6 2. d4 d5 3. Nc3 Nf6 4. e5 Nfd7 5. f4 c5 6. Nf3 Nc6 7. Be3 Qb6 8. Na4
Qa5+ 9. c3 b6 10. Bd2 c4 11. b4 Qa6 12. Be2 Be7 13. O-O O-O 14. Kh1 f5 15. Rg1
b5 16. Nc5 Nxc5 17. dxc5 Qb7 18. a4 a5 19. axb5 Qxb5 20. Nd4 Nxd4 21. cxd4 a4
22. Ra3 Bd7 23. Qa1 Ra6 24. Qa2 Kh8 25. Qc2 Qb7 26. g4 Rfa8 27. gxf5 exf5 28.
Bf3 Rb8 29. Rga1 Bf8 30. Qd1 Qc6 31. Qe2 Be6 32. Qg2 Rb7 33. Bc3 Rba7 34. Bd1
Be7 35. Bc2 Bf8 36. Qf1 Be7 37. Qb1 g6 38. b5 Qa8 39. bxa6 Bxc5 40. Rxa4 Kg7 41.
Qb5 Bf8 42. Kg1 Bd7 43. Qb6 Bxa4 44. Rxa4 Be7 45. Qb5 Kh6 46. Bd1 Qd8 47. Bf3
Bf8 48. Qxd5 Qh4 49. Bg2 Qxf4 50. Qf3 Qc1+ 51. Bf1 f4 52. Ra1 Qe3+ 53. Qxe3 fxe3
54. d5 Bc5 55. Kg2 Kg5 56. d6 Kf4 57. Bxc4 h5 58. Bd5 e2 59. Bb7 Ke3 60. d7 Be7
61. e6 1-0

[Event "chess.com Speed 1m+1spm 2018"]
[Site "chess.com INT"]
[Date "2018.09.06"]
[Round "1.22"]
[White "Duda, Jan-Krzysztof"]
[Black "Karjakin, Sergey"]
[Result "1-0"]
[WhiteTitle "GM"]
[BlackTitle "GM"]
[WhiteElo "2737"]
[BlackElo "2773"]
[WhiteFideId "1170546"]
[BlackFideId "14109603"]
[EventDate "2018.07.24"]

1. e4 e5 2. Nf3 Nc6 3. Bb5 a6 4. Ba4 Nf6 5. O-O Be7 6. Re1 b5 7. Bb3 O-O 8. c3
d6 9. h3 Nb8 10. d4 Nbd7 11. Nbd2 Bb7 12. Bc2 Re8 13. Nf1 Bf8 14. Ng3 g6 15. b3
c6 16. a4 Qc7 17. Bg5 Bg7 18. Qd2 Nf8 19. Bh6 Ne6 20. Bxg7 Kxg7 21. Rad1 Rad8
22. b4 Bc8 23. Bb3 Nf4 24. Re3 Qe7 25. Rde1 N6h5 26. Nxh5+ Nxh5 27. axb5 axb5
28. c4 bxc4 29. Bxc4 Nf4 30. dxe5 dxe5 31. Qc3 Qf6 32. Bf1 g5 33. Rc1 g4 34.
hxg4 Bxg4 35. Qxc6 Re6 36. Qc3 Rde8 37. b5 Qh6 38. Nh2 Rg6 39. Nxg4 Rxg4 40. Rg3
Rxg3 41. Qxg3+ Kh8 42. Rc6 Qh5 43. Qc3 Qg4 44. g3 Rd8 45. Qxe5+ 1-0

[Event "chess.com Speed 1m+1spm 2018"]
[Site "chess.com INT"]
[Date "2018.09.06"]
[Round "1.23"]
[White "Karjakin, Sergey"]
[Black "Duda, Jan-Krzysztof"]
[Result "0-1"]
[WhiteTitle "GM"]
[BlackTitle "GM"]
[WhiteElo "2773"]
[BlackElo "2737"]
[WhiteFideId "14109603"]
[BlackFideId "1170546"]
[EventDate "2018.07.24"]

1. e4 e6 2. d4 d5 3. Nc3 Nf6 4. e5 Nfd7 5. f4 c5 6. Nf3 Nc6 7. Be3 Qb6 8. Na4
Qa5+ 9. c3 b6 10. Bd2 c4 11. b4 Qa6 12. Ke2 Be7 13. Kf2 f5 14. Be2 Qb7 15. Rg1
a5 16. a3 Nf8 17. Nb2 Bd7 18. Qb1 b5 19. Nd1 h5 20. Ne3 g6 21. Qc2 a4 22. h3 h4
23. g4 hxg3+ 24. Rxg3 O-O-O 25. Rh1 Be8 26. h4 Rd7 27. Rgh3 Bd8 28. Ng5 Bxg5 29.
fxg5 Rdh7 30. Ng2 Ne7 31. Kf1 Qd7 32. Be1 Bf7 33. Nf4 Qe8 34. Bf3 Kb7 35. Qg2
Ka6 36. R1h2 Kb6 37. Qh1 Ka6 38. h5 gxh5 39. Nxh5 Bg6 40. Nf4 Rxh3 41. Rxh3 Rxh3
42. Qxh3 Kb7 43. Qh8 Kc7 44. Qf6 Kd7 45. Bg3 Ng8 46. Qg7+ Qf7 47. Qh8 Ne7 48.
Qf6 Qg8 49. Bxd5 Nxd5 50. Nxd5 exd5 51. Qd6+ Ke8 52. Qc6+ Ke7 53. Qc7+ Ke8 54.
Qb8+ Ke7 55. Qd6+ Ke8 56. Qc6+ Ke7 57. e6 Qxe6 58. Qc7+ Ke8 59. Qb8+ Kf7 60. Be5
Nd7 61. Qh8 Nxe5 62. dxe5 f4 63. Kf2 d4 64. cxd4 c3 65. Qd8 c2 66. Qc7+ Kg8 67.
Kf3 Qc4 68. Qd8+ Kh7 69. Qd7+ Qf7 70. e6 Qxd7 0-1

[Event "chess.com Speed 1m+1spm 2018"]
[Site "chess.com INT"]
[Date "2018.09.06"]
[Round "1.24"]
[White "Duda, Jan-Krzysztof"]
[Black "Karjakin, Sergey"]
[Result "0-1"]
[WhiteTitle "GM"]
[BlackTitle "GM"]
[WhiteElo "2737"]
[BlackElo "2773"]
[WhiteFideId "1170546"]
[BlackFideId "14109603"]
[EventDate "2018.07.24"]

1. e4 e5 2. Nf3 Nc6 3. Bb5 Nf6 4. O-O Nxe4 5. d4 Nd6 6. Bxc6 dxc6 7. dxe5 Nf5 8.
Qxd8+ Kxd8 9. h3 b6 10. Nc3 h6 11. Re1 Be6 12. Ne2 c5 13. Nf4 Kd7 14. Rd1+ Kc6
15. g4 Ne7 16. Nxe6 fxe6 17. c4 g5 18. h4 gxh4 19. Nxh4 Rg8 20. f3 Bg7 21. Re1
Rad8 22. Kg2 h5 23. g5 Rd4 24. f4 Rxc4 25. Re2 Nd5 26. Kg3 Rd4 27. Ng2 Rd1 28.
Re1 Rd3+ 29. Be3 Bxe5 30. fxe5 Rxg5+ 31. Kh2 Rxg2+ 32. Kxg2 Nxe3+ 33. Kf2 Ng4+
34. Ke2 Re3+ 35. Kd2 Rxe5 36. Rxe5 Nxe5 37. Rh1 Nc4+ 38. Kc3 Ne3 39. Rxh5 a5 40.
Kd3 Nd5 41. Kd2 a4 42. a3 b5 43. Rh6 Kd6 44. Kd3 c4+ 45. Kd4 c5+ 46. Ke4 c3 47.
bxc3 Nxc3+ 48. Kd3 Nd5 49. Rh8 Nb6 50. Rd8+ Kc6 51. Re8 Nc4 52. Rxe6+ Kd5 53.
Rh6 Nxa3 54. Rh5+ Kc6 55. Rh6+ Kb7 56. Kc3 Nc4 57. Rf6 Nb6 58. Rf5 b4+ 59. Kc2
Kc6 60. Rf8 Kb5 61. Rb8 a3 62. Kb3 c4+ 63. Ka2 Kc5 64. Rb7 Nd5 65. Ka1 b3 66.
Rb8 Nb4 67. Kb1 a2+ 68. Kb2 Nc2 69. Rc8+ Kd4 70. Rd8+ Ke5 71. Re8+ Kf6 72. Rf8+
Ke7 0-1

[Event "chess.com Speed 5m+1spm 2018"]
[Site "chess.com INT"]
[Date "2018.09.07"]
[Round "1.1"]
[White "Giri, Anish"]
[Black "Mamedyarov, Shakhriyar"]
[Result "1-0"]
[WhiteTitle "GM"]
[BlackTitle "GM"]
[WhiteElo "2782"]
[BlackElo "2801"]
[WhiteFideId "24116068"]
[BlackFideId "13401319"]
[EventDate "2018.07.24"]

1. d4 d6 2. Nf3 g6 3. e4 Nf6 4. Nc3 Bg7 5. Be3 c6 6. Qd2 b5 7. Bh6 O-O 8. Bd3
Bg4 9. h4 Nbd7 10. h5 e5 11. Bxg7 Kxg7 12. hxg6 fxg6 13. dxe5 Nxe5 14. O-O-O
Nxf3 15. Qh6+ Kg8 16. gxf3 Bxf3 17. e5 Bxh1 18. Bxg6 Bf3 19. exf6 Qc7 20. Rg1
Kh8 21. Be4 Bxe4 22. Qg7+ Qxg7 23. fxg7+ 1-0

[Event "chess.com Speed 5m+1spm 2018"]
[Site "chess.com INT"]
[Date "2018.09.07"]
[Round "1.2"]
[White "Mamedyarov, Shakhriyar"]
[Black "Giri, Anish"]
[Result "0-1"]
[WhiteTitle "GM"]
[BlackTitle "GM"]
[WhiteElo "2801"]
[BlackElo "2782"]
[WhiteFideId "13401319"]
[BlackFideId "24116068"]
[EventDate "2018.07.24"]

1. Nf3 d5 2. e3 Nf6 3. c4 e6 4. b3 c5 5. cxd5 exd5 6. Bb2 Nc6 7. Bb5 Bd6 8. d4
cxd4 9. Nxd4 O-O 10. O-O Qb6 11. Bd3 Be5 12. Qd2 Nxd4 13. exd4 Bd6 14. Nc3 Bd7
15. Rfe1 Rfe8 16. h3 h6 17. Rac1 Rxe1+ 18. Rxe1 Re8 19. Rxe8+ Bxe8 20. Nd1 Bb5
21. Bb1 Qc7 22. Ne3 Bh2+ 23. Kh1 Bf4 24. Qc2 Qxc2 25. Bxc2 g6 26. Bc1 h5 27. Kg1
Bd6 28. g4 hxg4 29. hxg4 Bf4 30. f3 Kf8 31. Kf2 Ke8 32. Bd2 b6 33. Nf1 Bd6 34.
Ng3 Kd7 35. Ne2 Ng8 36. Nc3 Bc6 37. f4 Ne7 38. f5 gxf5 39. gxf5 f6 40. Ne2 Ke8
41. Kf3 a5 42. a4 Bd7 43. Kg4 Kf7 44. Bf4 Bxf4 45. Kxf4 Nc6 46. Ke3 Nb4 47. Bb1
Kg7 48. Kf4 Be8 49. Nc1 Bh5 50. Nd3 Nxd3+ 51. Bxd3 Bd1 52. Bb5 Bxb3 53. Kg4 Bd1+
54. Kh4 Kf7 55. Bc6 Ke7 56. Bb5 Kf7 57. Bc6 Kf8 58. Bb5 Ke7 59. Kg3 Bh5 60. Bd3
Be8 61. Bc2 b5 62. axb5 Bxb5 0-1